| 000 | 00679nam a2200265Ia 4500 | ||
|---|---|---|---|
| 003 | OSt | ||
| 005 | 20221005115508.0 | ||
| 006 | a|||||r|||| 00| 0 | ||
| 007 | ta | ||
| 008 | 221004b |||||||| |||| 00| 0 guj d | ||
| 024 | _a40730 | ||
| 037 | _cTextual | ||
| 040 |
_aCRL _cCRL _bguj |
||
| 041 |
_2guj _aguj |
||
| 082 | _aO156,3NRA,5, L0 | ||
| 100 |
_aRanpura Dilip Au. _9627623 |
||
| 245 | 0 | _aCheer haran sabha | |
| 260 | _c1970 | ||
| 300 |
_a275p. _ccm. |
||
| 650 | _a GUJRATI LITERATURE | ||
| 650 |
_a HINDI LITERATURE _923866 |
||
| 650 | _aGUJRATI FICTION | ||
| 942 |
_hO156,3NRA,5, L0 _cTEXL _2cc |
||
| 999 |
_c1035003 _d1035003 |
||